Guidebook to English literature (Record no. 4003)

MARC details
000 -LEADER
fixed length control field 00456nam a2200169Ia 4500
008 - FIXED-LENGTH DATA ELEMENTS--GENERAL INFORMATION
fixed length control field 230917s9999||||xx |||||||||||||| ||und||
020 ## - ISBN
Price RS 400.00
040 ## - CATALOGING SOURCE
-- 5006228
Original cataloging agency VIVEKANANDA LIBRARY
041 ## - Language
-- English
082 ## - DDC NUMBER
Classification number 820.9 S13G
100 ## - MAIN ENTRY--PERSONAL NAME
Personal name Siddramappa, Mallikarjun
245 #0 - TITLE STATEMENT
Title Guidebook to English literature
260 ## - PUBLICATION, DISTRIBUTION, ETC. (IMPRINT)
Place of publication, distribution, etc Agra
Name of publisher, distributor, etc Current Publication
Date of publication, distribution, etc 2016
300 ## - PHYSICAL DESCRIPTION
Pages 958 p.
500 ## - GENERAL NOTE
General note 4293 04/01/2022 CP22/166 04/01/2022 Main Budget
942 ## - ADDED ENTRY ELEMENTS (KOHA)
Koha item type Books
Holdings
Withdrawn status Lost status Damaged status Not for loan Location (home branch) Sublocation or collection (holding branch) Date acquired Koha issues (times borrowed) Koha full call number Accession No. Koha date last seen Koha item type
        VIVEKANANDA LIBRARY VIVEKANANDA LIBRARY 25/02/2022 2 820.9 S13G 399083 09/03/2026 Books
© Designed and Maintained by Vivekananda Library, MDU Rohtak